| 000 | 00491nam a22001697a 4500 | ||
|---|---|---|---|
| 005 | 20251108174945.0 | ||
| 008 | 250721s2006 xx 000 0 ara d | ||
| 082 | 1 | 4 | _a649.1/عاد |
| 100 | 1 | _aعادل، أيمن محمد | |
| 245 | 1 | 0 | _aرعاية الطفل و صحته / |
| 264 | 1 |
_aالجيزة : _bمكتبة النافذة، _c2006. |
|
| 300 | _a160ص. | ||
| 650 | 1 | 7 | _aرعاية الطفولة |
| 650 | 1 | 7 | _aالسياسة الاسرية |
| 942 |
_2ddc _cBK |
||
| 999 |
_c122482 _d122482 |
||